000 00538nam a2200157 i 4500
001 37867
003 ES-MaACL
005 20230906155645.0
007 t|
008 030224s1899 fr ||||1| fre d
100 1 _aCagnat, René.
_933432
245 1 0 _aCours d'epigraphie latine /
_cdeuxième édition euthièrement refondice et accompagnée de planches et de figures par René Cagnat.
260 _aParis :
_b[s.n.,
_c1899] (
_eChatillon sur Seine :
_fM. Pepin)
300 _aXXVI, 436 p. :
_bil. ;
_c25 cm.
852 _aES-MaACL
_jF-11773
999 _c37867
_d37867